000 00418cam a2200181 4500
001 D5255
008 090401t1979 xxu||||| |||| 00| 0 eng d
035 _a(Sirsi) u42212
041 _aeng
050 _a690
100 _aGrundy, J.T.
245 _aConstruction technology Volume 2
260 _aLondon
_bEdward Arnold
_c1979
300 _aviii. 200p. 21cm
350 _a3.95
942 _n0
948 _c04/03/1997
999 _c91037
_d91037